000
00522nam a2200133Ia 4500
008
100328s9999 xx 000 0 und d
082
_b
44343
100
_a
सोवनी मधुकर विष्णु
245
_a
महाराष्ट्राच्या कालमुद्रा
260
_b
नितीन
630
_a
महाराष्ट्राच्या कालमुद्रा
730
_a
महाराष्ट्राच्या कालमुद्रा
942
_c
BOOK
999
_c
532625
_d
532622